NBA 2K25 Best Players By Height - Statistics

General Stats
  • This quiz has been taken 404 times
  • The average score is 10 of 17
Answer Stats
Hint OVR Answer % Correct
7'3" and above 91 Victor Wembanyama
95%
6'9" 95 LeBron James
92%
6'11" 97 Giannis Antetokounmpo
90%
6'11" 97 Nikola Jokic
88%
6'2" 95 Stephen Curry
87%
7'0" 96 Joel Embiid
79%
6'7" 97 Luka Dončić
75%
6'6" 96 Shai Gilgeous-Alexander
70%
6'8" 95 Jayson Tatum
61%
6'10" 94 Anthony Davis
59%
7'2" 87 Kristaps Porzingis
50%
6'4" 93 Anthony Edwards
45%
6'1" 89 Trae Young
42%
6'3" 92 Donovan Mitchell
38%
7'1" 87 Chet Holmgren
28%
6'5" 90 Tyrese Haliburton
26%
6'0" 84 Fred VanVleet
23%
No matching quizzes found
Score Distribution
Percent of People with Each Score
Percentile by Number Answered
Your Score History
You have not taken this quiz